Largest Lakes in the US as a Percent of State Area - Statistics

General Stats
  • This quiz has been taken 56 times
  • The average score is 3 of 15
Answer Stats
State Area (mi²) % of State Lake % Correct
Utah 1,700 2.00% Great Salt Lake
96%
Florida 730 1.36% Lake Okeechobee
64%
Louisiana 631 1.46% Lake Pontchartrain
62%
Wisconsin 215 0.40% Lake Winnebago
28%
Minnesota 427 0.54% Red Lake
22%
North Dakota 252 0.37% Devil's Lake
14%
North Dakota 480 0.70% Lake Sakakawea
12%
New Hampshire 71 0.79% Lake Winnipesaukee
10%
North Dakota 322 0.47% Lake Oahe
8%
Massachusetts 39 0.50% Quabbin Reservoir
8%
Louisiana 282 0.65% Lake Borgne
6%
South Carolina 174 0.58% Lake Marion
6%
Louisiana 289 0.67% Toledo Bend Reservoir
4%
South Carolina 111 0.37% Clarks Hill Lake
2%
Maine 117 0.38% Moosehead Lake
2%
No matching quizzes found
Score Distribution
Percent of People with Each Score
Percentile by Number Answered
Your Score History
You have not taken this quiz